Mathematical logic /

Guardado en:
Autor Principal: Goodstein, R. L.
Formato: Libro
Idioma:English
Publicado: [Leicester] : Leicester University Press, 1961.
Edición:2nd ed.
Etiquetas: Agregar Etiqueta
Sin Etiquetas, Sea el primero en etiquetar este registro!
LEADER 00483nam a22001575a 4500
001 MAT.inmabb001009
008 031119s1961####enk###########001#0#eng#d
005 20160316153544.0
245 1 0 |a Mathematical logic /  |c by R. L. Goodstein. 
250 |a 2nd ed. 
260 |a [Leicester] :  |b Leicester University Press,  |c 1961. 
300 |a viii, 107 p. ;  |c 23 cm. 
510 4 |a MR,  |c 19,1g 
100 1 |a Goodstein, R. L.  |q (Reuben Louis) 
084 |a 03Bxx  |2 msc2000 
859 |h 03  |i G655m-2  |p A-877  |b BIB. MATEMATICA